Mitglieder der Helmholtz-Gemeinschaft Deutscher Forschungszentren - Statistiken

Allgemein
  • Dieses Quiz wurde 6 mal gespielt
  • Das Durchschnittsergebnis liegt bei 5 aus 18
Antwortstatistiken
Institut Sitz % Korrekt
Helmholtz-Zentrum für Ozeanforschung (GEOMAR) Kiel
75%
Forschungszentrum Jülich (FZJ) Jülich
50%
Karlsruher Institut für Technologie (KIT) Karlsruhe
50%
Alfred-Wegner-Institut, Helmholtz-Zentrum für Polar- und Meeresforschung (AWI) Bremerhaven
25%
Deutsches Elektronen-Synchrotron (DESY) Hamburg
25%
Deutsches GeoForschungsZentrum (GFZ) Potsdam
25%
Deutsches Krebsforschungszentrum (DKFZ) Heidelberg
25%
Deutsches Zentrum für Luft- und Raumfahrt (DLR) Köln
25%
Helmholtz-Zentrum Berlin für Materialien und Energie (HZB) Berlin
25%
Helmholtz-Zentrum für Informationssicherheit (CISPA) Saarbrücken
25%
Helmholtzzentrum für Schwerionenforschung (GSI) Darmstadt
25%
Helmholtz-Zentrum für Umweltforschung (UFZ) Leipzig
25%
Helmholtz-Zentrum Hereon (Hereon) Geesthacht
25%
Helmholtz-Zentrum München, Deutsches Forschungszentrum für Gesundheit und Umwelt (HMGU) Neuherberg
25%
Deutsches Zentrum für Neurodegenerative Erkrankungen (DZNE) Bonn
0%
Helmholtz-Zentrum Dresden-Rossendorf (HZDR) Dresden
0%
Helmholtz-Zentrum für Infektionsforschung (HZI) Braunschweig
0%
Max-Delbrück-Centrum für Molekulare Medizin (MDC) Berlin
0%
Keine übereinstimmenden Quizze gefunden
Verteilung der Resultate
Anzahl Personen mit jedem Resultat
Perzentil nach korrekt beantworteten Fragen
Ihre Resultats-Entwicklung
Sie haben dieses Quiz noch nicht gespielt